000 00561nam a22002297a 4500
003 UA-OsUOA
001 62449
007 ta
008 20090828b un ||||| |||| 00| 0 ukr d
100 _aKarlowicz L.
090 _a821.162.1
942 _cBK
040 _aUA-OsUOA
_bpol
_cUA-OsUOA
_dUA-OsUOA
245 _aNie zostawiajcie mnie tu...
300 _a101 с.
955 _a2
041 _apol
080 _a821.162.1
260 _aОстрог
_c2000
650 7 _a82 Література. Літературознавство
_2UDC
999 _c348537
_d348537